Statistics for Cities with Small Airports for their Size

Click here to take the quiz!

General Stats

  • This quiz has been taken 32 times
  • The average score is 5 of 10

Answer Stats

Passengers per Thousand Residents City % Correct
1795San Antonio
56%
1787Columbus
52%
1792Cincinnati
52%
2217Cleveland
52%
1810Jacksonville
48%
2190Milwaukee
48%
1861Pittsburgh
44%
2136Indianapolis
44%
2077Buffalo
41%
486*Ontario
19%

Score Distribution

Percentile by Number Answered

Percent of People with Each Score

Your Score History

You have not taken this quiz